[Event "Telford 4NCL U1825 op"]
[Site "Telford"]
[Date "2018.11.01"]
[Round "3"]
[White "Waller, John"]
[Black "Maurus, Pavel"]
[Result "1-0"]
[WhiteElo "1495"]
[BlackElo "1150"]
[PlyCount "89"]
[EventDate "2018.10.31"]
[EventType "swiss"]
[EventRounds "9"]
[EventCountry "ENG"]
[SourceTitle "CBM 187 Extra"]
[Source "ChessBase"]
[SourceDate "2018.11.04"]
[SourceVersion "1"]
[SourceVersionDate "2018.11.04"]
[SourceQuality "1"]

1. e4 g6 2. d4 Bg7 3. Nf3 d6 4. Be3 c5 5. c3 Nd7 6. Nbd2 Ngf6 7. Bd3 b6 8. e5 dxe5 9. dxe5 Ng4 10. Bb5 Ngxe5 11. Nxe5 Bxe5 12. Bh6 Bb7 13. 0-0 Qc7 14. f4 Bd6 15. Nc4 0-0-0 16. Qa4 a5 17. Rad1 Nf6 18. Nxd6+ exd6 19. Bg7 Ng4 20. Bxh8 Ne3 21. Bf6 Bxg2 22. Ba6+ Bb7 23. Rde1 Bxa6 24. Rxe3 b5 25. Bxd8 bxa4 26. Bxc7 Bxf1 27. Kxf1 Kxc7 28. Re7+ Kc6 29. c4 d5 30. cxd5+ Kxd5 31. Ke2 f5 32. Kd3 c4+ 33. Kc3 h6 34. Re5+ Kd6 35. h4 h5 36. Kxc4 g5 37. hxg5 h4 38. Re8 h3 39. Rh8 h2 40. Rxh2 Ke6 41. Rh6+ Kf7 42. Kd5 Kg7 43. Ke6 Kg8 44. Kf6 Kf8 45. Rh8# 1-0